| 000 | 00000nam##2200000za#4500 |
| 001 | 9.569634 |
| 003 | CaOODSP |
| 005 | 20210624181848 |
| 007 | cr ||||||||||| |
| 008 | 150406|2007||||xxc|||||o f|0| 0 eng|d |
| 040 | |aCaOODSP|beng |
| 043 | |an-cn--- |
| 086 | 1 |aNH18-1/318-2007E-PDF |
| 110 | 2 |aCanada Mortgage and Housing Corporation. |
| 245 | 10|aAssessment of the transportation impacts of current and fused grid layouts : |h[electronic resource]|bfinal report |
| 246 | 1 |iAdditional title (within publication) : |aTaming the flow: better traffic and safer neighbourhoods = Aménager la circulation : une meilleure circulation et des quartiers plus sûrs |
| 260 | |aOttawa - Ontario : |bCanada Mortgage and Housing Corporation |c2007 (Final report), 2008 (Research highlight). |
| 300 | |a148p.|bfigs. (some coloured), graphs, maps (some coloured), references, tables, photographs |
| 490 | 1 |aResearch report |
| 500 | |aIncludes: Research highlight (Socio-economic series 08-012, July 2008) under the title "Taming the flow: better traffic and safer neighbourhoods". -- Y compris: Le point en recherche (Série socio-économique 08-012, juillet 2008) sous le titre "Aménager la circulation : une meilleure circulation et des quartiers plus sûrs". |
| 546 | |a(Comprend du texte en français.) |
| 590 | |a11-25-Supp|b2011-10-31 |
| 830 | #0|aResearch report (Canada Mortgage and Housing Corporation : Online)|w(CaOODSP)9.506068 |
| 856 | 40|ahttp://publications.gc.ca|qPDF|s6.99 MB|uhttps://publications.gc.ca/collections/collection_2011/schl-cmhc/nh18-1/NH18-1-318-2007-eng.pdf |